000 00280nam a22001337a 4500
008 170609b xxu||||| |||| 00| 0 eng d
020 _a9781594863622
041 _aeng
080 _a94
100 _a18
101 _aSHH
245 _aTWICE AS GOOD
_cMABRY,M
942 _2udc
_cBK
999 _c16688
_d16688